| 000 | 00732nam a2200229 a 4500 | ||
|---|---|---|---|
| 001 | 11944 | ||
| 003 | BD-RjUL | ||
| 005 | 20211208235216.0 | ||
| 008 | 161204s1957 nyua 001 0 eng d | ||
| 035 | _a(BD-RjUL)11993 | ||
| 040 |
_aDLC _cTJC _dSER _dOCL _dZCU _dBD-RjUL _beng |
||
| 041 | _aeng | ||
| 082 | 0 | 0 |
_a572 _bPAM 1957 _223 |
| 100 | 1 |
_aPalmer, L. S. _q(Lionel Stanley), _d1891- _937037 |
|
| 245 | 1 | 0 |
_aMan's journey through time : _ba first step in physical and cultural anthropochronology. / _cby L. S. Palmer. |
| 260 |
_aNew York : _bPhilosophical Library, _c1957. |
||
| 300 |
_axv, 184 p. : _billus. _c26 cm. |
||
| 504 | _aIncludes index. | ||
| 650 | 0 |
_aPrehistoric peoples. _937038 |
|
| 942 |
_2ddc _cBK |
||
| 999 |
_c11944 _d11944 |
||